01227cam a22003734i 4500003000900000005001700009008004100026020001500067035002700082040003300109082001900142100002900161245009300190264004400283300003800327336002100365337002500386338002300411490004300434504002800477505023000505526001000735526001000745526001000755526001000765526000800775526000800783526000800791526000800799526000800807526000800815526000800823650002200831PE-LiUPU20250731173309.0150616s r 000 0 d a8470572482 a(Sirsi) i9788470572487 aPE-LiUPUbspacPE-LiUPUerda04a280.2bM192211 aMaldonado, Luis,eautor.10aGénesis del catolicismo popular: el inconsistente colectivo de un proceso histórico. 1aMadrid :bEdiciones Cristiandad,c1979. a223 páginas ;c19 centímetros atext2rdacontent aunmediated2rdamedia avolume2rdacarrier0 aEl Libro de Bolsillo Cristiandad ;v46 aIncluye bibliografía.0 aFinal de un largo camino y comienzo de una nueva época (s. X) -- La entrada en la plenitud del medioevo (s. XI) -- La plenitud de la edad media (ss. XII-XIII) -- El otoño medieval (ss.XIV-XV) -- Una cristología popular. aSEG42 aSEG41 aSEG40 aSEG39 aP94 aP87 aP86 aP85 aP77 aP76 aP3504aIGLESIA CATOLICA.